Statistics for Newcastle United FC

Click here to take the quiz!

General Stats

  • This quiz has been taken 208 times
  • The average score is 10 of 15

Answer Stats

Hint Answer % Correct
Y---- CA---EYOHAN CABAYE
97%
P---SS C---EPAPISS CISSE
94%
H---- B-- A--AHATEM BEN ARFA
89%
T-- K---TIM KRUL
88%
S---- AM---ISHOLA AMEOBI
86%
S---Y A-----SAMMY AMEOBI
78%
D---A --DEMBA BA
75%
F---IC-O C----C--IFABRICIO COLOCCINI
72%
S----N T--L-RSTEVEN TAYLOR
69%
C----K T---ECHEICK TIOTE
65%
V----N A---AVURNON ANITA
62%
D---Y S---S-NDANNY SIMPSON
60%
D---E S--T-NDAVIDE SANTON
58%
G-EL B-G---A-AGAEL BIGRIMANA
27%
S---E F---U--NSHANE FERGUSON
27%

Score Distribution

Percentile by Number Answered

Percent of People with Each Score

Your Score History

You have not taken this quiz